| 000 | 00496nam a2200181Ia 4500 | ||
|---|---|---|---|
| 008 | 240925s9999 xx 000 0 und d | ||
| 020 | _a9788120319547 | ||
| 082 | _a629.8312 BAN | ||
| 100 | _aBandyopadhyay ,A. K. | ||
| 245 | 0 | _aControl Engineering: Theory And Practice | |
| 250 | _aNA | ||
| 260 |
_aNew Delhi: _bPrientice Hall of India _c,2009. |
||
| 300 |
_axxv, 686p. _b0 _fOriginal |
||
| 500 | _aIncludes Index | ||
| 600 | _aElectronic Engineering | ||
| 650 | _aTechnology | ||
| 942 | _cBK | ||
| 999 |
_c12519 _d12519 |
||